ASTM standards in building codes.

Bibliographic Details
Corporate Authors: American Society for Testing Materials, American Society for Testing and Materials
Format: Serial
Language:English
Published: Philadelphia, Pa. : American Society for Testing Materials, 1955-
Subjects:
Online Availability: Check for online availability

MARC

Tag First Indicator Second Indicator Subfields
LEADER 00000cas a2200000 4500
001 in00000077529
005 20190530111146.0
008 780329c19559999pauar 0 a0eng d
010 |a  2002207006  |z  55014722   |z  58003709   |z  63005674   |z  66009160   |z  68001112   |z  70031256   |z  73159692   |z  73179195   |z  75330781   |z  76380738   |z  77007503   |z  78101741   |z  78111654   |z  79019027   |z  80112368   |z  83138899   |z  83152841   |z  84220633   |z  84236194  
019 |a 8420646 
022 0 |a 1540-0247  |9 0192-2998  |2 1 
029 1 |a YDXCP  |b 2229868 
029 1 |a YDXCP  |b 2063160 
029 1 |a YDXCP  |b 2099919 
029 1 |a YDXCP  |b 1721975 
029 1 |a YDXCP  |b 1842964 
029 1 |a YDXCP  |b 1871103 
035 |a (OCoLC)ocm03759015 
035 |a (OCoLC)3759015  |z (OCoLC)8420646 
037 |b ASTM, 100 Barr Harbor Drive, P.O. Box C700, West Conshohocken, PA 19428 
040 |a FUG  |c FUG  |d OCL  |d DLC  |d NSD  |d DLC  |d UtOrBLW 
042 |a lc  |a nsdp 
043 |a n-us--- 
049 |a TXAM 
050 0 0 |a TA404.5  |b .A885 
082 1 0 |a 691  |2 13 
090 |a TA404.5  |b .A45 
210 0 |a ASTM stand. build. codes 
222 0 |a ASTM standards in building codes 
245 0 0 |a ASTM standards in building codes. 
246 3 0 |a Standards in building codes 
246 3 0 |a Building codes 
264 1 |a Philadelphia, Pa. :  |b American Society for Testing Materials,  |c 1955- 
300 |a volumes :  |b illustrations ;  |c 24-28 cm. 
310 |a Annual,  |b <1969- > 
321 |a Irregular,  |b 1955-<1966> 
336 |a text  |b txt  |2 rdacontent 
337 |a unmediated  |b n  |2 rdamedia 
338 |a volume  |b nc  |2 rdacarrier 
362 0 |a [1st] (1955)- 
500 |a Subtitle varies slightly. 
515 |a Vols. for 1955-1958 unnumbered but constitutes 1st-2d ed.; 1963-1966 called 2d-4th eds. 
515 |a Vols. for 1975- published in 2 or 4 vols. 
525 |a 1955-<1958> kept up to date by supplements. 
550 |a Vols. for 1955-1958 published by: American Society for Testing Materials; <1963- > by American Society for Testing and Materials. 
650 0 |a Building materials  |x Standards  |z United States. 
650 0 |a Building materials  |x Testing  |x Standards  |z United States. 
650 0 |a Buildings  |v Specifications  |z United States. 
710 2 |a American Society for Testing Materials. 
710 2 |a American Society for Testing and Materials. 
850 |a DLC 
936 |a 38th ed. (2001) LIC 
945 |a PromptCat 
946 |a qatar,ref 
947 |a Q14800173062  |b 2004:v.1 
947 |a Q14800173101  |b 2004:v.2 
947 |a Q14800173070  |b 2004:v.3 
947 |a Q14800173119  |b 2004:v.4 
947 |a Q14800173266  |b 2006:v.1 
947 |a Q14800173185  |b 2006:v.2 
947 |a Q14800173143  |b 2006:v.3 
947 |a Q14800173151  |b 2006:v.4 
949 |a updated-8AC Qatar  |b h  |c 2007/11/5  |e rrojas/agreen 
994 |a 92  |b TXA 
999 |a MARS 
999 f f |s 938cd7a7-a0da-3493-9014-441d9a40f0eb  |i e78908e5-342f-3ad2-90d4-6ec1eea612b4  |t 0 
952 f f |p ric  |a Texas A&M University  |b Rellis Campus  |c Joint Library Facility  |d Remote Storage  |t 0  |e TA404.5 .A45  |h Library of Congress classification  |i unmediated -- volume  |k 1958  |m A14836620754 
952 f f |p ric  |a Texas A&M University  |b Rellis Campus  |c Joint Library Facility  |d Remote Storage  |t 0  |e TA404.5 .A45  |h Library of Congress classification  |i unmediated -- volume  |k 9th ed.  |l 1971  |m A14836621247 
952 f f |p ric  |a Texas A&M University  |b Rellis Campus  |c Joint Library Facility  |d Remote Storage  |t 0  |e TA404.5 .A45  |h Library of Congress classification  |i unmediated -- volume  |k 13th ed.:v.1  |l 1975  |m A14808104839 
952 f f |p ric  |a Texas A&M University  |b Rellis Campus  |c Joint Library Facility  |d Remote Storage  |t 0  |e TA404.5 .A45  |h Library of Congress classification  |i unmediated -- volume  |k 8th ed.  |l 1970  |m A14836621289 
952 f f |p ric  |a Texas A&M University  |b Rellis Campus  |c Joint Library Facility  |d Remote Storage  |t 0  |e TA404.5 .A45  |h Library of Congress classification  |i unmediated -- volume  |k 6th ed.  |l 1967  |m A14834854616 
952 f f |p ric  |a Texas A&M University  |b Rellis Campus  |c Joint Library Facility  |d Remote Storage  |t 0  |e TA404.5 .A45  |h Library of Congress classification  |i unmediated -- volume  |k 7th ed.  |l 1969  |m A14836621166 
952 f f |p ric  |a Texas A&M University  |b Rellis Campus  |c Joint Library Facility  |d Remote Storage  |t 0  |e TA404.5 .A45  |h Library of Congress classification  |i unmediated -- volume  |k 12th ed.  |l 1974  |m A14807207927 
952 f f |p ric  |a Texas A&M University  |b Rellis Campus  |c Joint Library Facility  |d Remote Storage  |t 0  |e TA404.5 .A45  |h Library of Congress classification  |i unmediated -- volume  |k 10th ed.  |l 1972  |m A14836621124 
952 f f |p ric  |a Texas A&M University  |b Rellis Campus  |c Joint Library Facility  |d Remote Storage  |t 0  |e TA404.5 .A45  |h Library of Congress classification  |i unmediated -- volume  |k 13th ed.:v.2  |l 1975  |m A14808104897 
952 f f |p ric  |a Texas A&M University  |b Rellis Campus  |c Joint Library Facility  |d Remote Storage  |t 0  |e TA404.5 .A45  |h Library of Congress classification  |i unmediated -- volume  |k 4th ed.  |l 1966  |m A14836621205 
952 f f |p ric  |a Texas A&M University  |b Rellis Campus  |c Joint Library Facility  |d Remote Storage  |t 0  |e TA404.5 .A45  |h Library of Congress classification  |i unmediated -- volume  |k 11th ed.  |l 1973  |m A14807745323 
998 f f |a TA404.5 .A45  |s 6th ed.-13th ed. (1967:Sept.-1975)  |t 0  |l Remote Storage